000 00450cab a2200181 4500
001 X88316
008 090401t1997 xxu||||| |||| 00| 0 eng d
035 _a(Sirsi) u82703
041 _aeng
245 _aPoole BC v Stokes
260 _c1997
350 _a0
490 _aPlanning Appeal Decisions
_v[1997] 12 PAD 664-673(10)
650 _aPOOLE BC V STOKES
690 _aPLANNING LAW AND PRACTICE-CASE LAW
942 _n0
948 _c16/12/1997
999 _c52233
_d52233